| 000 | 00807nam a2200205 a 4500 | ||
|---|---|---|---|
| 003 | 0 | ||
| 005 | 20250328142027.0 | ||
| 008 | 050809s19uu xx 00 eng d | ||
| 050 |
_aPGS HQ 801.P47 _b.D117 2005 |
||
| 100 | _aDacayan, Kara S. | ||
| 245 |
_aPerception of grade six students on having early teen opposite sex relationship in Southville International School and Colleges / _cKara S. Dacayan. |
||
| 260 |
_aLas PiƱas City, Philippines : _bSouthville International School and Colleges, _c2005. |
||
| 300 |
_a25 pages : _billustrations ; _c28 cm. |
||
| 504 | _aIncludes bibliographical references. | ||
| 650 | _aAdolescent psychology. | ||
| 650 | _aTeenage relationships | ||
| 650 | _aInterpersonal relationships in adolescence. | ||
| 650 | _aDating (Social customs). | ||
| 942 |
_2lcc _cPASS |
||
| 999 |
_c97352 _d97352 |
||